000 01994nam a2200445 a 4500
001 ebr10263660
003 CaPaEBR
006 m u
007 cr cn|||||||||
008 041213s2004 enka sb 001 0 eng d
010 _z 2004276170
015 _aGBA454290
_2bnb
020 _z0199273278 (acid-free paper)
040 _aCaPaEBR
_cCaPaEBR
035 _a(OCoLC)132693008
043 _ae-uk---
050 1 4 _aPR438.P65
_bC48 2004eb
082 0 4 _a820.9/358/09032
_222
100 1 _aChalmers, Hero.
245 1 0 _aRoyalist women writers, 1650-1689
_h[electronic resource] /
_cHero Chalmers.
260 _aOxford :
_bClarendon Press ;
_aNew York :
_bOxford University Press,
_c2004.
300 _axii, 228 p. :
_bill.
490 1 _aOxford English monographs
504 _aIncludes bibliographical references (p. [202]-219) and index.
533 _aElectronic reproduction.
_bPalo Alto, Calif. :
_cebrary,
_d2013.
_nAvailable via World Wide Web.
_nAccess may be limited to ebrary affiliated libraries.
600 1 0 _aNewcastle, Margaret Cavendish,
_cDuchess of,
_d1624?-1674
_xCriticism and interpretation.
600 1 0 _aPhilips, Katherine,
_d1632-1664
_xCriticism and interpretation.
600 1 0 _aBehn, Aphra,
_d1640-1689
_xCriticism and interpretation.
650 0 _aEnglish literature
_yEarly modern, 1500-1700
_xHistory and criticism.
650 0 _aPolitics and literature
_zGreat Britain
_xHistory
_y17th century.
650 0 _aEnglish literature
_xWomen authors
_xHistory and criticism.
650 0 _aWomen and literature
_zGreat Britain
_xHistory
_y17th century.
650 0 _aRoyalists
_zGreat Britain
_xHistory
_y17th century.
650 0 _aRoyalists
_zGreat Britain
_xIntellectual life.
650 0 _aRoyalists in literature.
655 7 _aElectronic books.
_2local
710 2 _aebrary, Inc.
830 0 _aOxford English monographs.
856 4 0 _uhttp://site.ebrary.com/lib/rucke/Doc?id=10263660
_zAn electronic book accessible through the World Wide Web; click to view
999 _c11942
_d11942